Statistics for Stone Cold Steve Austin's WrestleMania Opponents

Click here to take the quiz!

General Stats

  • This quiz has been taken 70 times
  • The average score is 6 of 8

Answer Stats

WrestleManiaOpponent% Correct
WrestleMania XVThe Rock
95%
WrestleMania X-7The Rock
95%
WrestleMania XIXThe Rock
95%
WrestleMania XIVShawn Michaels
91%
WrestleMania 13Bret Hart
83%
WrestleMania 38Kevin Owens
83%
WrestleMania X8Scott Hall
66%
WrestleMania XIISavio Vega
41%

Score Distribution

Percentile by Number Answered

Percent of People with Each Score

Your Score History

You have not taken this quiz